Loading...
| Fine Arts - Visual Fine Arts | 1 | 3 | 1 | 0 | 40 | 64 | 113.25 | 1 | 4 |
| Philosophy | 0 | 3 | 0 | 0 | 30 | 87 | 97.67 | 2 | 3 |
| History - European History | 1 | 2 | 1 | 0 | 30 | 66 | 95.67 | 1 | 3 |
| Fine Arts - Auditory Fine Arts | 0 | 3 | 0 | 1 | 30 | 129 | 143.33 | 1 | 3 |
| History - American History | 0 | 3 | 1 | 0 | 25 | 88 | 106.67 | 1 | 3 |
| Literature - European Literature | 0 | 2 | 0 | 2 | 20 | 148 | 151.00 | 0 | 2 |
| Geography | 0 | 2 | 0 | 1 | 20 | 116 | 130.50 | 0 | 2 |
| History - Ancient History | 0 | 2 | 0 | 1 | 20 | 93 | 118.00 | 1 | 2 |
| Other Academic | 1 | 0 | 1 | 0 | 10 | 71 | 71.00 | 1 | 1 |
| Science - Chemistry | 0 | 1 | 0 | 1 | 10 | 140 | 140.00 | 0 | 1 |
| History - World History | 0 | 1 | 0 | 1 | 10 | 132 | 132.00 | 0 | 1 |
| Social Science | 0 | 1 | 1 | 0 | 5 | 137 | 137.00 | 0 | 1 |
| Literature - World Literature | 0 | 0 | 0 | 0 | 0 | 0.00 | 0 | 0 | |
| Literature - American Literature | 0 | 0 | 1 | 0 | -5 | 0.00 | 0 | 0 |